[Event "8th Vellmar Chess Days"]
[Site "chess24.com"]
[Date "2016.07.31"]
[Round "6"]
[White "Humburg, Philipp"]
[Black "Jensen, Jacob Bjerre"]
[Result "1-0"]
[Board "2"]
[WhiteElo "2201"]
[WhiteCountry "GER"]
[WhiteFideId "24656151"]
[WhiteEloChange "9"]
[BlackElo "2172"]
[BlackCountry "DEN"]
[BlackFideId "1401513"]
[BlackEloChange "-9"]

1. Nf3 {[%clk 1:30:30]} f5 {[%clk 1:30:32]} 2. d4 {[%clk 1:31:18]} e6 {[%clk
1:30:52]} 3. g3 {[%clk 1:31:43]} Nf6 {[%clk 1:31:11]} 4. Bg2 {[%clk 1:32:08]} Be7
{[%clk 1:31:35]} 5. O-O {[%clk 1:32:32]} O-O {[%clk 1:31:58]} 6. c4 {[%clk
1:32:58]} d6 {[%clk 1:31:58]} 7. Nc3 {[%clk 1:30:17]} Ne4 {[%clk 1:31:26]} 8. Qc2
{[%clk 1:29:43]} Nxc3 {[%clk 1:31:43]} 9. Qxc3 {[%clk 1:30:03]} Bf6 {[%clk
1:31:43]} 10. Rb1 {[%clk 1:30:03]} a5 {[%clk 1:29:07]} 11. b3 {[%clk 1:27:26]}
Nc6 {[%clk 1:28:37]} 12. Rd1 {[%clk 1:26:51]} Qe8 {[%clk 1:28:37]} 13. Bg5 {[%clk
1:26:51]} e5 {[%clk 1:09:43]} 14. Bxf6 {[%clk 1:24:06]} Rxf6 {[%clk 1:10:06]} 15.
dxe5 {[%clk 1:23:38]} dxe5 {[%clk 0:57:06]} 16. Ng5 {[%clk 1:13:30]} Nd4 {[%clk
0:57:06]} 17. Qb2 {[%clk 1:07:56]} h6 {[%clk 0:32:52]} 18. Nf3 {[%clk 1:08:07]}
Nxf3+ {[%clk 0:28:23]} 19. Bxf3 {[%clk 1:06:24]} e4 {[%clk 0:24:43]} 20. Bg2
{[%clk 1:06:24]} f4 {[%clk 0:23:27]} 21. Rd5 {[%clk 0:57:26]} f3 {[%clk 0:23:27]}
22. exf3 {[%clk 0:51:58]} exf3 {[%clk 0:19:44]} 23. Bf1 {[%clk 0:51:58]} Bf5
{[%clk 0:17:23]} 24. Rbd1 {[%clk 0:50:25]} Qg6 {[%clk 0:14:44]} 25. Qd4 {[%clk
0:46:43]} Kh7 {[%clk 0:11:26]} 26. c5 {[%clk 0:46:43]} Qh5 {[%clk 0:11:26]} 27.
Qf4 {[%clk 0:28:00]} Re8 {[%clk 0:06:41]} 28. h4 {[%clk 0:26:07]} Qf7 {[%clk
0:04:20]} 29. Qd2 {[%clk 0:24:11]} Be4 {[%clk 0:03:51]} 30. Rd7 {[%clk 0:23:30]}
Re7 {[%clk 0:04:19]} 31. Rxe7 {[%clk 0:21:51]} Qxe7 {[%clk 0:04:47]} 32. Re1
{[%clk 0:21:29]} Re6 {[%clk 0:04:47]} 33. Bc4 {[%clk 0:18:03]} Re5 {[%clk
0:04:01]} 34. Qd4 {[%clk 0:15:56]} Qf6 {[%clk 0:01:21]} 35. Rxe4 {[%clk 0:15:51]}
1-0

[Event "8th Vellmar Chess Days"]
[Site "chess24.com"]
[Date "2016.07.31"]
[Round "6"]
[White "Barath M"]
[Black "Pallas, Sebastian"]
[Result "1-0"]
[Board "3"]
[WhiteElo "2082"]
[WhiteCountry "IND"]
[WhiteFideId "25033450"]
[WhiteEloChange "13"]
[BlackElo "2204"]
[BlackCountry "GER"]
[BlackFideId "12905453"]
[BlackEloChange "-13"]

1. e4 {[%clk 1:30:57]} c5 {[%clk 1:30:37]} 2. Nf3 {[%clk 1:31:20]} d6 {[%clk
1:30:58]} 3. d4 {[%clk 1:31:46]} cxd4 {[%clk 1:31:14]} 4. Nxd4 {[%clk 1:32:11]}
Nf6 {[%clk 1:31:07]} 5. Nc3 {[%clk 1:32:37]} a6 {[%clk 1:31:10]} 6. Be3 {[%clk
1:33:02]} e6 {[%clk 1:30:35]} 7. g4 {[%clk 1:33:28]} h6 {[%clk 1:28:57]} 8. f4
{[%clk 1:29:17]} Be7 {[%clk 1:13:18]} 9. Bg2 {[%clk 1:27:36]} Nbd7 {[%clk
1:05:26]} 10. Qe2 {[%clk 1:24:09]} Qc7 {[%clk 0:59:40]} 11. h4 {[%clk 1:06:09]}
h5 {[%clk 0:53:14]} 12. g5 {[%clk 1:06:26]} Ng4 {[%clk 0:53:39]} 13. g6 {[%clk
1:06:16]} Ndf6 {[%clk 0:52:04]} 14. gxf7+ {[%clk 1:06:38]} Kxf7 {[%clk 0:52:20]}
15. O-O-O {[%clk 0:59:07]} Rf8 {[%clk 0:37:01]} 16. f5 {[%clk 0:46:31]} e5 {[%clk
0:26:42]} 17. Nf3 {[%clk 0:46:31]} Kg8 {[%clk 0:26:20]} 18. Ng5 {[%clk 0:46:45]}
b5 {[%clk 0:23:00]} 19. Bf3 {[%clk 0:22:28]} b4 {[%clk 0:22:27]} 20. Nd5 {[%clk
0:22:51]} Nxd5 {[%clk 0:22:51]} 21. Rxd5 {[%clk 0:23:16]} Nf6 {[%clk 0:22:21]}
22. Qd1 {[%clk 0:14:16]} Qc4 {[%clk 0:15:15]} 23. Ra5 {[%clk 0:02:55]} Bb7 {[%clk
0:13:07]} 24. Be2 {[%clk 0:01:01]} Qc7 {[%clk 0:13:23]} 25. Ra4 {[%clk 0:01:26]}
Rfc8 {[%clk 0:09:24]} 26. Rxb4 {[%clk 0:01:20]} d5 {[%clk 0:09:37]} 27. Ne6
{[%clk 0:01:19]} Qd7 {[%clk 0:09:24]} 28. Rb6 {[%clk 0:01:08]} d4 {[%clk
0:08:48]} 29. Bh6 {[%clk 0:00:34]} Bxe4 {[%clk 0:06:39]} 30. Bd3 {[%clk 0:00:37]}
Bxh1 {[%clk 0:05:55]} 31. Qxh1 {[%clk 0:01:06]} gxh6 {[%clk 0:03:57]} 32. Qg2+
{[%clk 0:00:47]} Ng4 {[%clk 0:04:23]} 33. Rb7 {[%clk 0:00:46]} Qe8 {[%clk
0:02:47]} 34. f6 {[%clk 0:01:12]} Bxf6 {[%clk 0:02:51]} 35. Qe4 {[%clk 0:00:33]}
Qxe6 {[%clk 0:02:49]} 36. Qh7+ {[%clk 0:00:51]} Kf8 {[%clk 0:03:14]} 37. Bg6
{[%clk 0:01:02]} Bg7 {[%clk 0:02:33]} 1-0

[Event "8th Vellmar Chess Days"]
[Site "chess24.com"]
[Date "2016.07.31"]
[Round "6"]
[White "George, Tom"]
[Black "Eggenstein, Frank"]
[Result "0-1"]
[Board "4"]
[WhiteElo "2044"]
[WhiteCountry "GER"]
[WhiteFideId "24659487"]
[WhiteEloChange "-10"]
[BlackElo "2032"]
[BlackCountry "GER"]
[BlackFideId "4651278"]
[BlackEloChange "10"]

1. d4 {[%clk 1:30:58]} Nf6 {[%clk 1:30:23]} 2. c4 {[%clk 1:31:22]} g6 {[%clk
1:30:43]} 3. Nc3 {[%clk 1:31:46]} d6 {[%clk 1:31:05]} 4. Nf3 {[%clk 1:31:30]} Bg7
{[%clk 1:31:25]} 5. e4 {[%clk 1:31:53]} O-O {[%clk 1:31:33]} 6. h3 {[%clk
1:31:55]} Nc6 {[%clk 1:29:54]} 7. Be3 {[%clk 1:31:32]} e5 {[%clk 1:28:26]} 8. d5
{[%clk 1:27:14]} Ne7 {[%clk 1:28:30]} 9. Bd3 {[%clk 1:27:28]} Ne8 {[%clk
1:25:46]} 10. Qb3 {[%clk 1:21:13]} b6 {[%clk 1:23:41]} 11. O-O {[%clk 1:19:24]}
f5 {[%clk 1:12:26]} 12. Qc2 {[%clk 1:19:23]} f4 {[%clk 1:10:12]} 13. Bd2 {[%clk
1:15:54]} Bf6 {[%clk 1:08:20]} 14. b4 {[%clk 1:15:44]} g5 {[%clk 1:05:19]} 15.
Be2 {[%clk 1:11:00]} g4 {[%clk 0:44:52]} 16. hxg4 {[%clk 1:09:36]} Bxg4 {[%clk
0:43:47]} 17. a4 {[%clk 1:09:33]} Kh8 {[%clk 0:38:26]} 18. a5 {[%clk 1:02:49]}
Rg8 {[%clk 0:37:33]} 19. Rfb1 {[%clk 0:56:44]} Qd7 {[%clk 0:16:19]} 20. Qd3
{[%clk 0:49:34]} Ng6 {[%clk 0:12:50]} 21. c5 {[%clk 0:39:08]} Rb8 {[%clk
0:11:42]} 22. axb6 {[%clk 0:23:32]} axb6 {[%clk 0:12:02]} 23. c6 {[%clk 0:21:30]}
Qg7 {[%clk 0:11:58]} 24. Bf1 {[%clk 0:21:56]} Nh4 {[%clk 0:06:52]} 25. Nxh4
{[%clk 0:21:16]} Bxh4 {[%clk 0:07:17]} 26. Ra2 {[%clk 0:21:33]} Nf6 {[%clk
0:03:55]} 27. f3 {[%clk 0:19:58]} Bh5 {[%clk 0:03:51]} 28. Nb5 {[%clk 0:15:13]}
Bg3 {[%clk 0:04:04]} 29. Bxf4 {[%clk 0:07:33]} exf4 {[%clk 0:03:34]} 30. Nd4
{[%clk 0:07:05]} Bg6 {[%clk 0:03:16]} 31. Ne2 {[%clk 0:05:32]} Qh6 {[%clk
0:03:16]} 0-1

[Event "8th Vellmar Chess Days"]
[Site "chess24.com"]
[Date "2016.07.31"]
[Round "6"]
[White "Krueger, Stefan"]
[Black "Rueberg, Jobst"]
[Result "1/2-1/2"]
[Board "5"]
[WhiteElo "1936"]
[WhiteCountry "GER"]
[WhiteFideId "12990418"]
[WhiteEloChange "5"]
[BlackElo "2123"]
[BlackTitle "FM"]
[BlackCountry "GER"]
[BlackFideId "4677501"]
[BlackEloChange "-5"]

1. d4 {[%clk 1:30:51]} Nf6 {[%clk 1:30:44]} 2. c4 {[%clk 1:31:12]} e6 {[%clk
1:30:52]} 3. Nc3 {[%clk 1:31:30]} Bb4 {[%clk 1:30:56]} 4. e3 {[%clk 1:31:44]} O-O
{[%clk 1:30:57]} 5. Bd3 {[%clk 1:32:04]} d5 {[%clk 1:24:27]} 6. Nf3 {[%clk
1:31:48]} c5 {[%clk 1:23:11]} 7. O-O {[%clk 1:32:05]} Nc6 {[%clk 1:22:57]} 8. a3
{[%clk 1:32:01]} Bxc3 {[%clk 1:22:46]} 9. bxc3 {[%clk 1:32:20]} Re8 {[%clk
1:17:09]} 10. Bb2 {[%clk 1:21:24]} b6 {[%clk 1:02:46]} 11. cxd5 {[%clk 1:17:38]}
exd5 {[%clk 1:02:52]} 12. dxc5 {[%clk 0:58:24]} bxc5 {[%clk 1:02:32]} 13. c4
{[%clk 0:58:42]} Ne7 {[%clk 0:39:08]} 14. Bxf6 {[%clk 0:45:26]} gxf6 {[%clk
0:39:27]} 15. Qc2 {[%clk 0:45:47]} Kg7 {[%clk 0:36:24]} 16. cxd5 {[%clk 0:43:55]}
Nxd5 {[%clk 0:33:37]} 17. Rfd1 {[%clk 0:42:42]} Qe7 {[%clk 0:31:24]} 18. Bb5
{[%clk 0:34:53]} Rd8 {[%clk 0:31:17]} 19. Bc6 {[%clk 0:34:49]} Bb7 {[%clk
0:31:28]} 20. Bxb7 {[%clk 0:35:06]} Qxb7 {[%clk 0:31:43]} 21. Qxc5 {[%clk
0:35:22]} Ne7 {[%clk 0:25:46]} 22. Nd4 {[%clk 0:31:19]} Kg8 {[%clk 0:12:48]} 23.
Rab1 {[%clk 0:29:17]} Qd7 {[%clk 0:11:19]} 24. h3 {[%clk 0:26:23]} Rab8 {[%clk
0:10:09]} 25. Rdc1 {[%clk 0:18:36]} Rbc8 {[%clk 0:07:41]} 26. Qb5 {[%clk
0:14:36]} Qd6 {[%clk 0:06:46]} 27. Rxc8 {[%clk 0:10:36]} Rxc8 {[%clk 0:07:07]}
28. Qb4 {[%clk 0:10:42]} Qd7 {[%clk 0:06:54]} 29. Kh2 {[%clk 0:08:39]} Nc6 {[%clk
0:04:44]} 30. Qc5 {[%clk 0:03:50]} Nxd4 {[%clk 0:03:51]} 31. Qxd4 {[%clk
0:04:09]} Qxd4 {[%clk 0:03:26]} 32. exd4 {[%clk 0:04:28]} Rc3 {[%clk 0:03:51]}
33. a4 {[%clk 0:03:11]} Ra3 {[%clk 0:02:42]} 34. Rb4 {[%clk 0:03:27]} Kg7 {[%clk
0:02:57]} 35. d5 {[%clk 0:03:02]} f5 {[%clk 0:03:11]} 36. Rd4 {[%clk 0:02:54]}
Kf8 {[%clk 0:03:11]} 37. d6 {[%clk 0:02:49]} Ke8 {[%clk 0:03:52]} 38. d7+ {[%clk
0:02:48]} Kd8 {[%clk 0:04:20]} 39. f3 {[%clk 0:02:28]} a5 {[%clk 0:03:37]} 40.
Kg3 {[%clk 0:02:28]} Ra2 {[%clk 0:03:20]} 41. h4 {[%clk 0:27:18]} Rb2 {[%clk
0:20:59]} 42. Kf4 {[%clk 0:24:25]} Rxg2 {[%clk 0:19:33]} 43. Kxf5 {[%clk
0:24:40]} Rg6 {[%clk 0:19:20]} 44. Ke4 {[%clk 0:20:22]} Re6+ {[%clk 0:18:11]} 45.
Kd3 {[%clk 0:19:19]} Rf6 {[%clk 0:18:24]} 46. Kc4 {[%clk 0:18:49]} Rxf3 {[%clk
0:18:08]} 47. Rd5 {[%clk 0:18:46]} Rf4+ {[%clk 0:16:49]} 48. Kb5 {[%clk 0:19:04]}
Rxh4 {[%clk 0:17:14]} 49. Kxa5 {[%clk 0:19:25]} f5 {[%clk 0:14:38]} 50. Kb5
{[%clk 0:18:45]} Rh1 {[%clk 0:14:50]} 51. a5 {[%clk 0:18:21]} Rb1+ {[%clk
0:14:38]} 52. Kc6 {[%clk 0:12:00]} f4 {[%clk 0:14:13]} 53. Rf5 {[%clk 0:06:19]}
Rc1+ {[%clk 0:14:17]} 54. Kd6 {[%clk 0:04:24]} Rd1+ {[%clk 0:13:39]} 1/2-1/2

[Event "8th Vellmar Chess Days"]
[Site "chess24.com"]
[Date "2016.07.31"]
[Round "6"]
[White "Ziegenfuss, Holger"]
[Black "Boos, Markus"]
[Result "0-1"]
[Board "6"]
[WhiteElo "2075"]
[WhiteCountry "GER"]
[WhiteFideId "12926140"]
[WhiteEloChange "-7"]
[BlackElo "2176"]
[BlackCountry "GER"]
[BlackFideId "4678656"]
[BlackEloChange "7"]

1. e4 {[%clk 1:30:46]} c5 {[%clk 1:30:50]} 2. Nf3 {[%clk 1:31:07]} Nc6 {[%clk
1:31:07]} 3. Bb5 {[%clk 1:30:15]} g6 {[%clk 1:31:04]} 4. Bxc6 {[%clk 1:28:47]}
dxc6 {[%clk 1:31:25]} 5. h3 {[%clk 1:28:45]} Bg7 {[%clk 1:30:09]} 6. O-O {[%clk
1:28:50]} e5 {[%clk 1:28:22]} 7. b3 {[%clk 1:26:51]} Nf6 {[%clk 1:25:08]} 8. Re1
{[%clk 1:24:08]} Nd7 {[%clk 1:20:32]} 9. a4 {[%clk 1:20:08]} Nf8 {[%clk 1:15:41]}
10. Bb2 {[%clk 1:14:06]} Qc7 {[%clk 1:11:48]} 11. a5 {[%clk 1:08:14]} Ne6 {[%clk
1:08:21]} 12. Na3 {[%clk 1:07:11]} Nd4 {[%clk 1:02:34]} 13. Nc4 {[%clk 1:07:11]}
Be6 {[%clk 1:01:15]} 14. d3 {[%clk 0:46:04]} Bxc4 {[%clk 0:54:36]} 15. bxc4
{[%clk 0:45:36]} O-O {[%clk 0:53:37]} 16. a6 {[%clk 0:38:39]} b6 {[%clk 0:52:33]}
17. Bxd4 {[%clk 0:25:28]} cxd4 {[%clk 0:52:05]} 18. Qc1 {[%clk 0:24:58]} Rfd8
{[%clk 0:46:19]} 19. Qa3 {[%clk 0:24:33]} Bf8 {[%clk 0:45:47]} 20. Qc1 {[%clk
0:24:48]} Kg7 {[%clk 0:38:54]} 21. Qb2 {[%clk 0:24:29]} f6 {[%clk 0:37:58]} 22.
Nd2 {[%clk 0:22:06]} Rd7 {[%clk 0:36:47]} 23. Re2 {[%clk 0:20:22]} Bc5 {[%clk
0:29:43]} 24. Rb1 {[%clk 0:16:56]} Qd6 {[%clk 0:28:09]} 25. Nf1 {[%clk 0:15:53]}
Rb8 {[%clk 0:27:05]} 26. Ree1 {[%clk 0:14:27]} Qf8 {[%clk 0:25:01]} 27. Qb3
{[%clk 0:14:26]} Qc8 {[%clk 0:23:14]} 28. Qa4 {[%clk 0:14:33]} Rf7 {[%clk
0:22:11]} 29. Nd2 {[%clk 0:14:15]} Qe6 {[%clk 0:21:56]} 30. Nf3 {[%clk 0:14:09]}
Qd7 {[%clk 0:20:40]} 31. Qa2 {[%clk 0:13:03]} Rff8 {[%clk 0:20:15]} 32. Rb2
{[%clk 0:12:48]} Qf7 {[%clk 0:17:55]} 33. Qa4 {[%clk 0:12:17]} Qe6 {[%clk
0:18:08]} 34. Rbb1 {[%clk 0:11:50]} Rbc8 {[%clk 0:17:10]} 35. Re2 {[%clk
0:11:15]} Rc7 {[%clk 0:15:52]} 36. Rbe1 {[%clk 0:11:12]} Rb8 {[%clk 0:15:29]} 37.
Rb1 {[%clk 0:11:24]} Bd6 {[%clk 0:13:09]} 38. Ree1 {[%clk 0:11:17]} Kf7 {[%clk
0:11:33]} 39. Nd2 {[%clk 0:09:31]} Qe7 {[%clk 0:09:58]} 40. Nf3 {[%clk 0:08:33]}
Rcc8 {[%clk 0:09:29]} 41. Qa2 {[%clk 0:05:06]} Kg7 {[%clk 0:09:22]} 42. Re2
{[%clk 0:27:15]} Qe6 {[%clk 0:39:06]} 43. Qa4 {[%clk 0:27:10]} h5 {[%clk
0:35:03]} 44. Kh2 {[%clk 0:23:25]} Rc7 {[%clk 0:31:59]} 45. g3 {[%clk 0:23:17]}
Rf8 {[%clk 0:29:24]} 46. Qb3 {[%clk 0:19:36]} Qc8 {[%clk 0:28:49]} 47. Ra1 {[%clk
0:19:32]} Re7 {[%clk 0:27:41]} 48. Qb1 {[%clk 0:17:57]} Qe6 {[%clk 0:25:46]} 49.
Qh1 {[%clk 0:17:01]} Bb4 {[%clk 0:23:44]} 50. Ra4 {[%clk 0:15:03]} Bc3 {[%clk
0:22:11]} 51. Qb1 {[%clk 0:13:21]} Rb8 {[%clk 0:21:26]} 52. c5 {[%clk 0:10:05]}
b5 {[%clk 0:20:33]} 53. Ra2 {[%clk 0:10:02]} Rd7 {[%clk 0:17:48]} 54. Nd2 {[%clk
0:10:10]} Qe7 {[%clk 0:16:55]} 55. Nb3 {[%clk 0:10:23]} Bb4 {[%clk 0:16:43]} 56.
Kg2 {[%clk 0:05:58]} Bxc5 {[%clk 0:16:00]} 57. Na5 {[%clk 0:06:14]} Rb6 {[%clk
0:15:37]} 58. Nb7 {[%clk 0:06:18]} Bd6 {[%clk 0:15:33]} 59. Re1 {[%clk 0:05:49]}
Bb4 {[%clk 0:14:19]} 60. Rf1 {[%clk 0:05:52]} f5 {[%clk 0:11:24]} 61. f3 {[%clk
0:04:50]} c5 {[%clk 0:11:06]} 62. Qb3 {[%clk 0:02:42]} Qf6 {[%clk 0:10:46]} 63.
Rfa1 {[%clk 0:02:58]} f4 {[%clk 0:09:24]} 64. gxf4 {[%clk 0:02:12]} Qxf4 {[%clk
0:09:07]} 0-1

[Event "8th Vellmar Chess Days"]
[Site "chess24.com"]
[Date "2016.07.31"]
[Round "6"]
[White "Viebahn, Dirk"]
[Black "Daechert, Peter"]
[Result "1-0"]
[Board "8"]
[WhiteElo "2155"]
[WhiteCountry "GER"]
[WhiteFideId "4660790"]
[WhiteEloChange "6"]
[BlackElo "2016"]
[BlackCountry "GER"]
[BlackFideId "4686713"]
[BlackEloChange "-6"]

1. e4 {[%clk 1:30:56]} c5 {[%clk 1:30:56]} 2. Nf3 {[%clk 1:31:08]} Nc6 {[%clk
1:31:20]} 3. Bb5 {[%clk 1:31:11]} g6 {[%clk 1:31:43]} 4. Bxc6 {[%clk 1:31:32]}
dxc6 {[%clk 1:32:03]} 5. d3 {[%clk 1:31:52]} Bg7 {[%clk 1:32:22]} 6. h3 {[%clk
1:32:07]} Nf6 {[%clk 1:32:27]} 7. Nc3 {[%clk 1:31:50]} O-O {[%clk 1:32:36]} 8.
O-O {[%clk 1:31:16]} Qc7 {[%clk 1:32:36]} 9. Be3 {[%clk 1:31:22]} b6 {[%clk
1:32:48]} 10. Qc1 {[%clk 1:26:02]} Rd8 {[%clk 1:33:00]} 11. Bh6 {[%clk 1:26:19]}
Bh8 {[%clk 1:33:24]} 12. Nh4 {[%clk 1:19:09]} a5 {[%clk 1:18:15]} 13. Nf5 {[%clk
1:09:14]} Bxf5 {[%clk 1:04:58]} 14. exf5 {[%clk 1:09:28]} Nd5 {[%clk 1:05:04]}
15. Ne4 {[%clk 1:05:42]} Qe5 {[%clk 1:02:22]} 16. fxg6 {[%clk 1:05:40]} hxg6
{[%clk 1:02:10]} 17. Rb1 {[%clk 1:03:18]} Bg7 {[%clk 0:54:55]} 18. Re1 {[%clk
0:59:36]} Bxh6 {[%clk 0:45:49]} 19. Qxh6 {[%clk 0:59:25]} Qg7 {[%clk 0:46:15]}
20. Qh4 {[%clk 0:51:39]} Ra7 {[%clk 0:46:07]} 21. a3 {[%clk 0:47:59]} Qd4 {[%clk
0:40:03]} 22. Qg3 {[%clk 0:44:53]} Nf6 {[%clk 0:37:57]} 23. Nd2 {[%clk 0:42:03]}
Nh5 {[%clk 0:37:24]} 24. Qg5 {[%clk 0:37:24]} Qf4 {[%clk 0:35:31]} 25. Qxf4
{[%clk 0:37:37]} Nxf4 {[%clk 0:35:53]} 26. Nc4 {[%clk 0:37:56]} Nd5 {[%clk
0:33:16]} 27. Re4 {[%clk 0:34:58]} Kg7 {[%clk 0:31:34]} 28. Rbe1 {[%clk 0:35:03]}
e6 {[%clk 0:28:07]} 29. Ne5 {[%clk 0:33:18]} Rc7 {[%clk 0:28:19]} 30. Nf3 {[%clk
0:32:14]} Nf6 {[%clk 0:27:29]} 31. R4e2 {[%clk 0:31:34]} Rd5 {[%clk 0:27:23]} 32.
h4 {[%clk 0:31:29]} Rcd7 {[%clk 0:25:06]} 33. Ne5 {[%clk 0:31:01]} Rc7 {[%clk
0:25:16]} 34. Nc4 {[%clk 0:31:07]} Rb7 {[%clk 0:25:30]} 35. g3 {[%clk 0:31:25]}
a4 {[%clk 0:24:29]} 36. Kg2 {[%clk 0:31:14]} b5 {[%clk 0:20:15]} 37. Ne5 {[%clk
0:31:17]} Rb6 {[%clk 0:19:35]} 38. Re3 {[%clk 0:20:58]} Rd6 {[%clk 0:13:24]} 39.
Rf3 {[%clk 0:16:55]} Rb7 {[%clk 0:12:58]} 40. g4 {[%clk 0:12:56]} Nd5 {[%clk
0:12:14]} 41. g5 {[%clk 0:04:09]} Nb6 {[%clk 0:11:44]} 42. Re4 {[%clk 0:30:54]}
Rd5 {[%clk 0:33:35]} 43. Nxc6 {[%clk 0:28:48]} c4 {[%clk 0:32:04]} 44. Rd4 {[%clk
0:19:08]} Rbd7 {[%clk 0:31:38]} 45. Rxd5 {[%clk 0:19:14]} Rxd5 {[%clk 0:31:45]}
46. Nb4 {[%clk 0:19:01]} Rd4 {[%clk 0:30:09]} 47. Kg3 {[%clk 0:18:36]} Rd6 {[%clk
0:30:05]} 48. Re3 {[%clk 0:18:26]} Kf8 {[%clk 0:28:49]} 49. Re5 {[%clk 0:18:30]}
cxd3 {[%clk 0:28:17]} 50. cxd3 {[%clk 0:18:29]} Nc8 {[%clk 0:24:00]} 51. Rxb5
{[%clk 0:18:15]} Ne7 {[%clk 0:24:25]} 52. Rc5 {[%clk 0:15:59]} Nf5+ {[%clk
0:24:36]} 53. Kh3 {[%clk 0:16:17]} Rd4 {[%clk 0:23:54]} 54. Rc4 {[%clk 0:16:34]}
Rd6 {[%clk 0:23:49]} 55. Kg4 {[%clk 0:15:11]} Nd4 {[%clk 0:18:25]} 56. f4 {[%clk
0:13:28]} Nf5 {[%clk 0:18:40]} 57. Rc8+ {[%clk 0:13:28]} Kg7 {[%clk 0:18:54]} 58.
h5 {[%clk 0:13:39]} gxh5+ {[%clk 0:18:58]} 59. Kxh5 {[%clk 0:13:59]} Rd4 {[%clk
0:18:56]} 60. Kg4 {[%clk 0:12:52]} Nd6 {[%clk 0:18:38]} 61. Rc5 {[%clk 0:12:52]}
f6 {[%clk 0:17:26]} 62. gxf6+ {[%clk 0:12:50]} Kxf6 {[%clk 0:17:48]} 63. Kf3
{[%clk 0:12:33]} Nf5 {[%clk 0:16:54]} 64. Ra5 {[%clk 0:09:47]} Nh4+ {[%clk
0:16:21]} 65. Ke3 {[%clk 0:09:57]} Rd6 {[%clk 0:16:23]} 66. Rxa4 {[%clk 0:10:10]}
Ng2+ {[%clk 0:16:42]} 67. Ke4 {[%clk 0:10:21]} Ne1 {[%clk 0:16:35]} 68. Ra6
{[%clk 0:10:38]} Rd7 {[%clk 0:16:34]} 69. f5 {[%clk 0:10:56]} Rh7 {[%clk
0:16:19]} 70. Rxe6+ {[%clk 0:10:24]} Kf7 {[%clk 0:16:43]} 71. Rb6 {[%clk
0:10:04]} Rh4+ {[%clk 0:17:05]} 72. Ke3 {[%clk 0:09:49]} Rh3+ {[%clk 0:17:15]}
73. Kf2 {[%clk 0:09:55]} Nf3 {[%clk 0:16:43]} 74. Kg2 {[%clk 0:10:11]} Ng5 {[%clk
0:17:07]} 75. a4 {[%clk 0:09:59]} Rh4 {[%clk 0:17:23]} 76. a5 {[%clk 0:10:14]}
Rf4 {[%clk 0:17:32]} 77. a6 {[%clk 0:10:21]} Rxf5 {[%clk 0:17:18]} 78. a7 {[%clk
0:10:40]} Ra5 {[%clk 0:17:31]} 79. Ra6 {[%clk 0:10:56]} Rb5 {[%clk 0:17:55]} 80.
a8Q {[%clk 0:11:08]} Rxb4 {[%clk 0:18:16]} 81. Qd5+ {[%clk 0:11:12]} 1-0

[Event "8th Vellmar Chess Days"]
[Site "chess24.com"]
[Date "2016.07.31"]
[Round "6"]
[White "Schmidt, Daniel"]
[Black "Halt, David"]
[Result "1/2-1/2"]
[Board "9"]
[WhiteElo "1876"]
[WhiteCountry "GER"]
[WhiteFideId "12957950"]
[WhiteEloChange "6"]
[BlackElo "2096"]
[BlackCountry "GER"]
[BlackFideId "24614602"]
[BlackEloChange "-6"]

1. c4 {[%clk 1:30:50]} f5 {[%clk 1:30:48]} 2. d4 {[%clk 1:30:59]} Nf6 {[%clk
1:31:05]} 3. g3 {[%clk 1:31:06]} g6 {[%clk 1:31:25]} 4. Bg2 {[%clk 1:31:19]} d6
{[%clk 1:31:43]} 5. Nf3 {[%clk 1:31:13]} Bg7 {[%clk 1:31:56]} 6. O-O {[%clk
1:31:08]} O-O {[%clk 1:32:08]} 7. Nc3 {[%clk 1:31:19]} c6 {[%clk 1:32:29]} 8. Qb3
{[%clk 1:30:15]} Na6 {[%clk 1:31:30]} 9. Bf4 {[%clk 1:26:29]} Kh8 {[%clk
1:24:28]} 10. Rfd1 {[%clk 1:21:37]} Qe8 {[%clk 1:21:38]} 11. d5 {[%clk 1:15:09]}
Nc5 {[%clk 1:20:26]} 12. Qc2 {[%clk 1:14:58]} a5 {[%clk 1:18:08]} 13. Be3 {[%clk
1:00:39]} Nce4 {[%clk 1:05:41]} 14. Nxe4 {[%clk 0:54:02]} Nxe4 {[%clk 1:03:18]}
15. Nd4 {[%clk 0:46:47]} cxd5 {[%clk 1:01:18]} 16. cxd5 {[%clk 0:45:59]} Nc5
{[%clk 1:00:30]} 17. Rac1 {[%clk 0:35:29]} b6 {[%clk 0:51:56]} 18. Qb1 {[%clk
0:25:47]} Bd7 {[%clk 0:48:10]} 19. a3 {[%clk 0:21:59]} a4 {[%clk 0:47:46]} 20.
Qa2 {[%clk 0:19:01]} Ra6 {[%clk 0:45:44]} 21. Ne6 {[%clk 0:15:19]} Bxe6 {[%clk
0:45:27]} 22. dxe6 {[%clk 0:15:27]} Qb5 {[%clk 0:45:01]} 23. Rc2 {[%clk 0:11:17]}
Qb3 {[%clk 0:43:24]} 24. Qxb3 {[%clk 0:09:22]} axb3 {[%clk 0:42:23]} 25. Rcd2
{[%clk 0:09:09]} Nxe6 {[%clk 0:42:14]} 26. Bd5 {[%clk 0:09:14]} Nc5 {[%clk
0:42:32]} 27. Bd4 {[%clk 0:08:42]} Rb8 {[%clk 0:30:03]} 28. Bxg7+ {[%clk
0:07:07]} Kxg7 {[%clk 0:30:22]} 29. Rd4 {[%clk 0:07:05]} b5 {[%clk 0:30:36]} 30.
Rb4 {[%clk 0:05:39]} Ra4 {[%clk 0:30:44]} 31. Rdd4 {[%clk 0:05:00]} e5 {[%clk
0:30:23]} 32. Rxa4 {[%clk 0:04:06]} bxa4 {[%clk 0:30:13]} 33. Rc4 {[%clk
0:04:01]} Rb6 {[%clk 0:29:29]} 34. f3 {[%clk 0:03:51]} Kf6 {[%clk 0:26:33]} 35.
Kf2 {[%clk 0:03:50]} f4 {[%clk 0:18:07]} 36. gxf4 {[%clk 0:02:39]} exf4 {[%clk
0:18:16]} 37. Bg8 {[%clk 0:02:17]} Ke5 {[%clk 0:16:26]} 38. Bxh7 {[%clk 0:01:55]}
g5 {[%clk 0:16:31]} 39. Bd3 {[%clk 0:01:04]} Rc6 {[%clk 0:15:18]} 40. Kg2 {[%clk
0:00:32]} d5 {[%clk 0:13:49]} 41. Rc1 {[%clk 0:29:44]} Nxd3 {[%clk 0:41:16]} 42.
Rxc6 {[%clk 0:30:00]} Nxb2 {[%clk 0:41:34]} 43. Ra6 {[%clk 0:29:49]} Kd4 {[%clk
0:41:44]} 44. Kh3 {[%clk 0:30:00]} Kc5 {[%clk 0:34:54]} 45. Ra5+ {[%clk 0:27:54]}
Kb6 {[%clk 0:34:43]} 46. Ra8 {[%clk 0:26:50]} Kb5 {[%clk 0:30:43]} 47. Rb8+
{[%clk 0:26:42]} Ka5 {[%clk 0:28:44]} 48. Ra8+ {[%clk 0:26:29]} Kb5 {[%clk
0:25:37]} 49. Rb8+ {[%clk 0:26:32]} 1/2-1/2